Countries That End with "ia" and Their Capitals - Statistics

General Stats
  • This quiz has been taken 26 times
  • The average score is 28 of 37
Answer Stats
Country Capital % Correct
Algeria Algiers
96%
Syria Damascus
96%
Indonesia Jakarta
96%
India New Delhi
96%
Latvia Riga
96%
Tunisia Tunis
96%
Austria Vienna
96%
Australia Canberra
92%
Russia Moscow
92%
Bulgaria Sofia
92%
Colombia Bogota
88%
Romania Bucharest
88%
Malaysia Kuala Lumpur
88%
Mongolia Ulaanbaatar
88%
Lithuania Vilnius
88%
Ethiopia Addis Ababa
83%
Slovakia Bratislava
83%
Estonia Tallinn
83%
Serbia Belgrade
79%
Saudi Arabia Riyadh
79%
North Macedonia Skopje
79%
Liberia Monrovia
75%
Slovenia Ljubljana
71%
Somalia Mogadishu
71%
Cambodia Phnom Penh
71%
Albania Tirana
71%
Namibia Windhoek
71%
Croatia Zagreb
71%
Armenia Yerevan
67%
Georgia Tbilisi
63%
Nigeria Abuja
58%
Tanzania Dodoma
54%
Zambia Lusaka
54%
Saint Lucia Castries
50%
Mauritania Nouakchott
46%
The Gambia Banjul
42%
Micronesia Palikir
38%
No matching quizzes found
Score Distribution
Percent of People with Each Score
Percentile by Number Answered
Your Score History
You have not taken this quiz